01157nam a22002057a 4500003001700000005001700017008004100034020001800075040000700093041001200100082001600112100001600128245006400144260004300208300003000251365001200281520060800293650003200901700001800933St Aloysius Coll20260418165207.0260417b |||||||| |||| 00| 0 eng d a9789370020221 cAL aEnglish a304.6bSAJP aSajimon P P aPopulation mattersb: Indian and global sustainable futures aChhattisgarhbAstitva Prakashanac2025 axii, 247p.bPBc22.5x15cm 2General aPopulation Matters: Indian and Global Sustainable Futures addresses the complex relationship between population dynamics and sustainable development, with a specific focus on India. This scholarly work analyzes India’s development through the lens of the United Nations’ 2030 Sustainable Development Agenda, exploring themes of economic growth, social inclusion, and environmental protection. This book is relevant to a global audience, examining India’s experience with its large population and rapidly changing demographics to draw lessons applicable to other developing and developed countries. 2Social SciencesaPopulation aBasil, Hans V